Statistiques concernant Intercommunalités de la Loire

Cliquez ici pour prendre le quiz!

Statistiques générales

  • Ce quiz a été pris 12 fois
  • Le résultat moyen est 4 sur 10

Statistiques - réponses

Nombres de CommunesIntercommunalités% Correct
40Roannais Agglomération
100%
53Saint-Étienne Métropole
100%
42Communauté de communes de Forez-Est
90%
25Charlieu-Belmont Communauté
40%
12Communauté de communes des Vals d'Aix et Isable
30%
11Communauté de communes du Pays d'Urfé
30%
16Communauté de communes des Monts du Pilat
10%
16Communauté de communes du Pays entre Loire et Rhône
10%
14Communauté de communes du Pilat Rhodanien
0%
87Loire Forez Agglomération
0%

Distribution des résultats

Percentile par nombre de réponses

% des personnes avec chaque résultat

Votre développement - résultats

Vous n’avez pas pris ce quiz